=LDR 00000nam 2200000 4500 =001 INLIS000000000060221 =005 20220114092117 =035 ##$$a 0010-0122000157 =007 ta =008 220114###########################0#ind## =020 ##$$a tidak Teridentifikasi =082 ##$$a R.336.013 026 =084 ##$$a R.336.013 026 Ind p =245 ##$$a Peraturan Mendagri No. 59 th 2007 Ttg Pedoman Pengelolaan Keuangan Daerah /$c Indonesia =300 ##$$a 317 halaman : $b ilustrasi ; $c 21 cm =650 #4$$a Keuangan Daerah - Undang2 dan Peraturan =264 ##$$a Semarang :$b Duta Nusindo,$c 2007 =336 ##$$a teks$2 rdacontent =337 ##$$a lain-lain$2 rdamedia =338 ##$$a lain-lain$2 rdacarrier =990 ##$$a 01970197